000 003730000a22001570004500
003 LK-CoMWRAF
005 20231204205723.0
008 230817t ||||| |||| 00| 0 eng d
040 _aLK-CoMWRAF
_dLK-CoMWRAF
_eLK-CoMWRAF
041 _aeng
082 _a440
_bREP
245 _aReport of the Committee on Alcohol Policy
260 _c1992
300 _ap.93
942 _cBK
999 _c1708
_d1708